00379pab a2200121 454500008004000000100002300040245010100063260000900164300001000173362001400183650002700197773003300224180718b1985 xxu||||| |||| 00| 0 eng d aGrizzle, Gloria A. aEssential sills for financial managementbAre MPA students acquiring the necessary competencies? c1985 a840-4 aNov.-Dec. aCorporations - Finance aPublic Administration Review